| 000 | 00845nam a2200265 i 4500 | ||
|---|---|---|---|
| 001 | bg | ||
| 100 | 1 | _aWARDYŃSKI, Tomasz. | |
| 245 | 0 | 0 |
_aAngielsko-polski encyklopedyczny słownik biznesu = _bEnglish-Polish business glossary / _cTomasz Wardyński i Ryszard Hara oraz John T. Murphy. |
| 260 |
_aWarszawa : _bInternational Business Library a. Dom Wydawniczy ABC, _ccop. 1996. |
||
| 300 |
_a277, [1] s. ; _c22 cm. |
||
| 500 | _aTekst równolegle w jęz. pol. i ang. | ||
| 504 | _aIndeksy. | ||
| 650 | 9 | _aNauki ekonomiczne | |
| 650 | 9 | _aSłownik angielsko-polski | |
| 655 | _aSłowniki | ||
| 700 | 1 | _aHARA, Ryszard. | |
| 700 | 1 | _aMURPHY, John T. | |
| 020 | _a8385148833 | ||
| 040 | _cBPK | ||
| 041 | 0 | _aenpl | |
| 080 | _a33(038)=111=162.1 | ||
| 920 | _a83-85148-83-3 | ||
| 942 | _cKS | ||
| 008 | s pl f |000 0 pol | ||
| 999 |
_c33438 _d33438 |
||
| 856 |
_uhttp://koha.tu.koszalin.pl/cgi-bin/koha/opac-detail.pl?biblionumber=33438 _yKatalog online BPK |
||